000 00582nam a2200205 a 4500
005 20220817104404.0
008 080219s2005 ec r 000 0 spa d
020 _a9978804226
035 _aUPN01000154325
049 _aI
050 4 _aPZ73
_bD4.5
100 1 _aDelgado Santos, Francisco,
_d1950-
_933390
245 1 0 _aMi amigo, el abuelo /
_cFrancisco Delgado Santos.
260 _aQuito :
_bLibresa,
_c2005.
300 _a23 p. :
_bil. col.
440 0 _aGarabato
650 4 _aCUENTOS INFANTILES ECUATORIANOS
_98911
650 7 _aAbuelo y niƱo
_2
_94036
905 _aInfantil
999 _c126442
_d126442